<?xml version="1.0" encoding="UTF-8"?>
<record
    xmlns:xsi="http://www.w3.org/2001/XMLSchema-instance"
    xsi:schemaLocation="http://www.loc.gov/MARC21/slim http://www.loc.gov/standards/marcxml/schema/MARC21slim.xsd"
    xmlns="http://www.loc.gov/MARC21/slim">

  <leader>00981nam a22001937a 4500</leader>
  <datafield tag="999" ind1=" " ind2=" ">
    <subfield code="c">58711</subfield>
    <subfield code="d">58711</subfield>
  </datafield>
  <controlfield tag="005">20220704113204.0</controlfield>
  <controlfield tag="008">220704s2007ge  xxu||||| |||| 00| 0 ger d</controlfield>
  <datafield tag="020" ind1=" " ind2=" ">
    <subfield code="a">978-3-939394-13-6</subfield>
  </datafield>
  <datafield tag="080" ind1=" " ind2=" ">
    <subfield code="a">37 B-94</subfield>
  </datafield>
  <datafield tag="100" ind1=" " ind2=" ">
    <subfield code="a">B&#xFC;nning, Frank</subfield>
    <subfield code="9">14283</subfield>
  </datafield>
  <datafield tag="245" ind1=" " ind2=" ">
    <subfield code="a">Approaches to Action Learning in Technical and Vocational Education and Training (TVET) / </subfield>
    <subfield code="c">Frank B&#xFC;nning.</subfield>
  </datafield>
  <datafield tag="264" ind1=" " ind2=" ">
    <subfield code="a">Bonn:</subfield>
    <subfield code="b">UNEVOC,</subfield>
    <subfield code="c">2007.</subfield>
  </datafield>
  <datafield tag="300" ind1=" " ind2=" ">
    <subfield code="a">60 p:.</subfield>
    <subfield code="b">ill,</subfield>
    <subfield code="c">18 cm.</subfield>
  </datafield>
  <datafield tag="653" ind1=" " ind2=" ">
    <subfield code="a">Approaches to Action Learning in Technical and Vocational Education and Training (TVET)</subfield>
  </datafield>
  <datafield tag="653" ind1=" " ind2=" ">
    <subfield code="a">&#x10E1;&#x10D0;&#x10DB;&#x10DD;&#x10E5;&#x10DB;&#x10D4;&#x10D3;&#x10DD; &#x10E1;&#x10EC;&#x10D0;&#x10D5;&#x10DA;&#x10D4;&#x10D1;&#x10D8;&#x10E1; &#x10DB;&#x10D8;&#x10D3;&#x10D2;&#x10DD;&#x10DB;&#x10D4;&#x10D1;&#x10D8; &#x10E2;&#x10D4;&#x10E5;&#x10DC;&#x10D8;&#x10D9;&#x10E3;&#x10E0; &#x10D3;&#x10D0; &#x10DE;&#x10E0;&#x10DD;&#x10E4;&#x10D4;&#x10E1;&#x10D8;&#x10D0;&#x10E8;&#x10D8; &#x10D2;&#x10D0;&#x10DC;&#x10D0;&#x10D7;&#x10DA;&#x10D4;&#x10D1;&#x10D0; &#x10D3;&#x10D0; &#x10E2;&#x10E0;&#x10D4;&#x10DC;&#x10D8;&#x10DC;&#x10D2;&#x10D8; (TVET)</subfield>
  </datafield>
  <datafield tag="653" ind1=" " ind2=" ">
    <subfield code="a">&#x10D2;&#x10D0;&#x10DC;&#x10D0;&#x10D7;&#x10DA;&#x10D4;&#x10D1;&#x10D0;</subfield>
  </datafield>
  <datafield tag="856" ind1=" " ind2=" ">
    <subfield code="u">https://unevoc.unesco.org/fileadmin/user_upload/pubs/ActionLearning.pdf</subfield>
    <subfield code="y">pdf &#x10D4;&#x10DA;&#x10D4;&#x10E5;&#x10E2;&#x10E0;&#x10DD;&#x10DC;&#x10E3;&#x10DA;&#x10D8; &#x10D5;&#x10D4;&#x10E0;&#x10E1;&#x10D8;&#x10D0;</subfield>
  </datafield>
  <datafield tag="942" ind1=" " ind2=" ">
    <subfield code="2">udc</subfield>
    <subfield code="c">BK</subfield>
  </datafield>
  <datafield tag="952" ind1=" " ind2=" ">
    <subfield code="0">0</subfield>
    <subfield code="1">0</subfield>
    <subfield code="2">udc</subfield>
    <subfield code="4">0</subfield>
    <subfield code="6">62948</subfield>
    <subfield code="7">0</subfield>
    <subfield code="9">92350</subfield>
    <subfield code="a">CPL</subfield>
    <subfield code="b">prof</subfield>
    <subfield code="c">GEN</subfield>
    <subfield code="d">2022-07-04</subfield>
    <subfield code="g">5.00</subfield>
    <subfield code="i">37 B-94</subfield>
    <subfield code="o">62948</subfield>
    <subfield code="p">62948</subfield>
    <subfield code="r">2022-07-04</subfield>
    <subfield code="w">2022-07-04</subfield>
    <subfield code="y">BK</subfield>
    <subfield code="z">5.00</subfield>
  </datafield>
</record>
